00641 2200217 4500001002100000005001500021035002000036007000300056008004100059020001800100020002200118082000800140084001400148100002600162245008700188250001800275260003800293300006000331650001600391504001600407INLIS00000000000455720260428014057 a0010-0426000082ta260428 g 0 ind  a979-002-464-9 a978-979-002-464-9 a634 a634 SOB b0 aSobir dan Mega Amalya1 aBertanam 20 Buah :btips rajin berbuah di pot dan halaman /cSobir dan Mega Amalya aedisi pertama aJakarta :bPenebar Swadaya,c2011 aiv 204 hal :bteks, gambar, diagram dan grafis ;c23 cm 4abuah-buahan ahal 200-202